000 00828nam a2200265Ia 4500
003 GCL
008 140319s9999 xx 000 0 ara d
040 _aGCL /
_cGCL
082 0 4 _a955.06
_bهـ س
100 1 _aهويدا، فريدون
245 1 0 _aسقوط الشاه /
_cهويدا، فريدون
700 1 _aاحمد عبدالقادر الشاذلى
260 _a[S.N] :
_bمكتبة مدبولى
300 _a364 ص
490 _a
650 0 4 _aالعصر الحديث
650 0 4 _aتاريخ
650 0 4 _aايران
650 0 4 _aالاحوال الاجتماعية
650 0 4 _aالاحوال السياسية
650 0 4 _aالعلاقات الخارجية
650 0 4 _aرضا شاه بهلول (1943 - 1979)
650 0 4 _aمحمد رضا شاه بهلول(1943 - 1979
942 _2ddc
_cBK
999 _c35413
_d35413